Normal view
MARC view
Entry Personal Name
001 - CONTROL NUMBER
- control field: 169245
003 - CONTROL NUMBER IDENTIFIER
- control field: OSt
005 - DATE AND TIME OF LATEST TRANSACTION
- control field: 20220923230948.0
008 - FIXED-LENGTH DATA ELEMENTS
- fixed length control field: 220923|| aca||aabn | a|a d
040 ## - CATALOGING SOURCE
- Original cataloging agency: OSt
- Transcribing agency: OSt
100 ## - HEADING--PERSONAL NAME
- Personal name: विश्वनाथय्यर, एन. ई., ले
670 ## - SOURCE DATA FOUND
- Source citation: Work cat.: (OSt)388474: विश्वनाथय्यर, एन. ई., ले., आधुनिक हिन्दी काव्य तथा मलयालम काव्य, 1970
